| 000 | 00663nam a2200229Ia 4500 | ||
|---|---|---|---|
| 008 | 131103s9999 xx 000 0 und d | ||
| 020 | _a194424545 | ||
| 040 | _aLoreto College | ||
| 041 | _aEnglish | ||
| 082 |
_a301/LIP _bLCBED/11933 |
||
| 100 | _aLipsey, Richard G. | ||
| 245 | 3 |
_aAn introduction to positive economics _cRichard G.Lipsey and K. Alec Chrystal |
|
| 250 | _a7th ed. | ||
| 260 |
_aOxford _bOxford university press _c1995 |
||
| 300 |
_axxiv,919p. _b ill,chart. _c 24cm |
||
| 504 | _aIncludes glossary and index | ||
| 650 | _aSocial science | ||
| 651 | _aEconomics | ||
| 700 | _aChrystal, K. Alec | ||
| 850 | _aLCBED/301/LIP | ||
| 942 | _cBK | ||
| 999 |
_c26704 _d77183 |
||